[Event "SR Extraliga 2017/2018"]
[Site "?"]
[Date "2017.10.01"]
[Round "2.2"]
[White "Vajda, Levente"]
[Black "Pechac, Jergus"]
[Result "1/2-1/2"]
[WhiteElo "2588"]
[BlackElo "2442"]
[PlyCount "119"]
[EventDate "2017.??.??"]

1. Nf3 b6 2. e4 Bb7 3. e5 e6 4. d4 d6 5. Be2 Nc6 6. Bf4 dxe5 7. Bxe5 Nge7 8.
Nc3 Ng6 9. Bg3 Bd6 10. Qd2 O-O 11. O-O-O Nce7 12. h4 Bxg3 13. fxg3 Nf5 14. h5
Nge7 15. g4 Ng3 16. Rh3 Nxe2+ 17. Nxe2 Qd6 18. g5 Rad8 19. Ne5 Bxg2 20. Rh4 c5
21. g6 fxg6 22. hxg6 Nxg6 23. Nxg6 hxg6 24. Qg5 Bf3 25. Qxg6 Bxe2 26. Qh7+ Kf7
27. Rg1 Ke8 28. Re4 Bf3 29. Rxg7 Rd7 30. Rxd7 Qxd7 31. Qg6+ Qf7 32. Rxe6+ Kd7
33. Rd6+ Kc7 34. Qxf7+ Rxf7 35. dxc5 bxc5 36. Rd2 Kc6 37. b3 Be4 38. Kb2 Rg7
39. Rh2 Kd5 40. Rd2+ Kc6 41. Rh2 Kb5 42. Rh4 Bc6 43. Rh2 Bg2 44. a3 a6 45. Rh6
Re7 46. a4+ Ka5 47. Rh5 Kb6 48. Rh6+ Bc6 49. a5+ Kc7 50. Rh5 c4 51. bxc4 Re2
52. Rh7+ Kd6 53. Kc3 Be4 54. Rh6+ Kc5 55. Rh5+ Kc6 56. Rh6+ Kb7 57. Rb6+ Ka7
58. Re6 Rxc2+ 59. Kb3 Bf5 60. Rf6 1/2-1/2

[Event "SR Extraliga 2017/2018"]
[Site "?"]
[Date "2017.10.01"]
[Round "2.3"]
[White "Rohacek, Miroslav"]
[Black "Petenyi, Tamas"]
[Result "0-1"]
[WhiteElo "2266"]
[BlackElo "2449"]
[PlyCount "62"]
[EventDate "2017.??.??"]

1. Nf3 g6 2. e4 Bg7 3. d4 d6 4. Nc3 Nf6 5. Be2 O-O 6. O-O Nbd7 7. Re1 c6 8. Bf4
Qc7 9. e5 Nh5 10. Bg5 dxe5 11. Bxe7 Re8 12. d5 Qb6 13. Ba3 e4 14. Bc4 Ndf6 15.
Ng5 e3 16. fxe3 Rxe3 17. Kh1 Ng4 18. Nce4 h6 19. Bc5 Qxc5 20. Nxc5 Nf2+ 21. Kg1
Nxd1 22. Rexd1 hxg5 23. dxc6 bxc6 24. Rd8+ Kh7 25. g4 Nf4 26. Bxf7 Re7 27. Bg8+
Kh6 28. Rf1 Bd4+ 29. Rxd4 Ne2+ 30. Kg2 Nxd4 31. Rd1 Ne6 0-1

[Event "SR Extraliga 2017/2018"]
[Site "?"]
[Date "2017.10.01"]
[Round "2.4"]
[White "Bokros, Albert"]
[Black "Karas, Marek"]
[Result "1-0"]
[WhiteElo "2485"]
[BlackElo "2251"]
[PlyCount "87"]
[EventDate "2017.??.??"]

1. e4 e6 2. d3 d5 3. Qe2 Be7 4. Nf3 Nf6 5. g3 c5 6. Bg2 Nc6 7. O-O O-O 8. Re1
b5 9. a4 b4 10. e5 Nd7 11. h4 a5 12. Bg5 Ba6 13. Nbd2 Rc8 14. Qe3 Bxg5 15. hxg5
Nd4 16. Rac1 Nxf3+ 17. Nxf3 Qb6 18. b3 c4 19. Qxb6 Nxb6 20. dxc4 dxc4 21. Nd4
Rc7 22. Rcd1 Rfc8 23. Nc6 Bb7 24. Nxa5 Bxg2 25. Kxg2 cxb3 26. cxb3 Rc3 27. Rd6
Nd5 28. Ra6 h6 29. gxh6 gxh6 30. Ra7 Rd3 31. Nc4 Rxb3 32. Nd6 Rc7 33. Ra8+ Kh7
34. Rf8 Kg7 35. Rd8 Kg6 36. Re4 h5 37. Rh4 Rb2 38. Rg8+ Kh6 39. Rh8+ Kg6 40.
R4xh5 Rcc2 41. Ne4 Kg7 42. Rb8 Rc4 43. Rg5+ Kh7 44. Nf6+ 1-0

[Event "SR Extraliga 2017/2018"]
[Site "?"]
[Date "2017.10.01"]
[Round "2.5"]
[White "Jablonicky, Martin"]
[Black "Czebe, Attila"]
[Result "1-0"]
[WhiteElo "2311"]
[BlackElo "2465"]
[PlyCount "87"]
[EventDate "2017.??.??"]

1. d4 Nf6 2. Nf3 b6 3. Bf4 Bb7 4. e3 g6 5. Be2 Bg7 6. O-O O-O 7. a4 d6 8. a5
Nc6 9. a6 Bc8 10. Nc3 Bf5 11. Ra4 Nb8 12. Bd3 Bxd3 13. Qxd3 c6 14. e4 b5 15.
Ra2 Qb6 16. Rfa1 b4 17. Nb1 Nbd7 18. Nbd2 Qb5 19. Nb3 Qxd3 20. cxd3 Rab8 21.
Be3 Rfc8 22. Rc1 Ne8 23. Nfd2 f5 24. f3 Kf7 25. Nc4 c5 26. dxc5 Nxc5 27. Nxc5
dxc5 28. Ra5 Rc6 29. Bxc5 Rxc5 30. Rxc5 Bd4+ 31. Kf1 Bxc5 32. Ne5+ Ke6 33. Rxc5
Rb6 34. Ke2 Rxa6 35. Rc6+ Rxc6 36. Nxc6 Kd6 37. Nxb4 Kc5 38. Nc2 f4 39. Kd2 a5
40. Kc3 Nd6 41. d4+ Kc6 42. d5+ Kb6 43. Kd4 Kb5 44. Ke5 1-0

[Event "SR Extraliga 2017/2018"]
[Site "?"]
[Date "2017.10.01"]
[Round "2.6"]
[White "Varga, Zoltan"]
[Black "Istona, Martin"]
[Result "1/2-1/2"]
[WhiteElo "2448"]
[BlackElo "2240"]
[PlyCount "91"]
[EventDate "2017.??.??"]

1. e4 c5 2. Nf3 d6 3. d4 cxd4 4. Nxd4 Nf6 5. f3 e5 6. Nb3 d5 7. Bg5 d4 8. c3
Nc6 9. Bb5 h6 10. Bh4 Qb6 11. Bxc6+ bxc6 12. cxd4 Ba6 13. Bg3 Rd8 14. Bxe5 Nd7
15. Bf4 Nc5 16. Nxc5 Bxc5 17. Qb3 Bxd4 18. Qxb6 Bxb6 19. Nc3 f5 20. Rd1 Bd3 21.
h4 O-O 22. e5 Rfe8 23. Rd2 Bc4 24. Kd1 Rd4 25. Rxd4 Bxd4 26. Kc2 Bxc3 27. Kxc3
Bxa2 28. Ra1 Bd5 29. Rxa7 g5 30. hxg5 hxg5 31. Bxg5 Rxe5 32. Bf6 Re6 33. Bd4
Rg6 34. f4 Rxg2 35. Kb4 Rg6 36. Kc5 Be4 37. Be5 Bd5 38. b4 Be4 39. Rc7 Kf8 40.
Bd6+ Ke8 41. Rxc6 Bxc6 42. Kxc6 Rg1 43. Bc5 Rc1 44. Kd6 Re1 45. b5 Kd8 46. Bd4
1/2-1/2

[Event "SR Extraliga 2017/2018"]
[Site "?"]
[Date "2017.10.01"]
[Round "2.7"]
[White "Jozefek, Michal"]
[Black "Bagi, Mate"]
[Result "0-1"]
[WhiteElo "2198"]
[BlackElo "2456"]
[PlyCount "90"]
[EventDate "2017.??.??"]

1. d4 Nf6 2. Bf4 d5 3. e3 c5 4. Nc3 cxd4 5. exd4 a6 6. Bd3 Nc6 7. Nge2 Bg4 8.
Qd2 e6 9. a3 Bd6 10. f3 Bh5 11. Bxd6 Qxd6 12. Na4 Nd7 13. b4 b6 14. Qf4 Qxf4
15. Nxf4 Bg6 16. Nxg6 hxg6 17. c3 Ke7 18. Kd2 g5 19. Nb2 Nd8 20. Rac1 Nc6 21.
Ra1 Kd6 22. h3 Nf6 23. Rhe1 Nh5 24. Bf1 Nf4 25. Nd3 f6 26. a4 a5 27. Nxf4 gxf4
28. bxa5 Rxa5 29. Reb1 Rb8 30. Rb2 e5 31. Bb5 exd4 32. cxd4 Nxd4 33. Rc1 Raa8
34. Rb4 Nxb5 35. axb5 Rc8 36. Rxc8 Rxc8 37. Rxf4 Kc5 38. Rg4 Rc7 39. h4 Kxb5
40. h5 Kc5 41. Kc3 b5 42. Rd4 Re7 43. Rd3 b4+ 44. Kd2 Kc4 45. g4 d4 0-1

[Event "SR Extraliga 2017/2018"]
[Site "?"]
[Date "2017.10.01"]
[Round "2.1"]
[White "Balogh, Csaba"]
[Black "Banusz, Tamas"]
[Result "1/2-1/2"]
[WhiteElo "2634"]
[BlackElo "2617"]
[PlyCount "59"]
[EventDate "2017.??.??"]

1. e4 e5 2. Nf3 Nc6 3. Bb5 a6 4. Ba4 Nf6 5. O-O Be7 6. Re1 b5 7. Bb3 d6 8. c3
O-O 9. d4 Bg4 10. Be3 Bh5 11. Nbd2 Na5 12. Bc2 Ng4 13. b4 Nxe3 14. Rxe3 exd4
15. cxd4 Bxf3 16. Nxf3 Nc4 17. Re1 d5 18. a3 c6 19. exd5 cxd5 20. Ne5 Bf6 21.
a4 Qd6 22. axb5 axb5 23. Bxh7+ Kxh7 24. Rxa8 Rxa8 25. Qh5+ Kg8 26. Qxf7+ Kh7
27. Qg6+ Kg8 28. Qf7+ Kh7 29. Qh5+ Kg8 30. Qf7+ 1/2-1/2

[Event "SR Extraliga 2017/2018"]
[Site "?"]
[Date "2017.10.01"]
[Round "2.2"]
[White "Papp, Gabor"]
[Black "Michalik, Peter"]
[Result "1-0"]
[WhiteElo "2598"]
[BlackElo "2546"]
[PlyCount "61"]
[EventDate "2017.??.??"]

1. Nf3 Nf6 2. g3 g6 3. Bg2 Bg7 4. c4 c6 5. d4 d5 6. cxd5 cxd5 7. Nc3 Ne4 8. Qb3
Nxc3 9. bxc3 O-O 10. h4 Nc6 11. h5 Na5 12. Qb4 Nc6 13. Qa3 Bf5 14. hxg6 hxg6
15. Bh6 Bxh6 16. Rxh6 Kg7 17. Rh4 Qa5 18. Qxa5 Nxa5 19. Ng5 Rad8 20. e4 dxe4
21. Ke2 f6 22. Nxe4 g5 23. Rhh1 Rc8 24. Rac1 Rc4 25. f4 g4 26. Rh5 Kg6 27. Rch1
Ra4 28. Rh7 Rxa2+ 29. Kd3 Bd7 30. R1h6+ Kf5 31. Rh5+ 1-0

[Event "SR Extraliga 2017/2018"]
[Site "?"]
[Date "2017.10.01"]
[Round "2.4"]
[White "Polak, Tomas"]
[Black "Stohl, Igor"]
[Result "1/2-1/2"]
[WhiteElo "2513"]
[BlackElo "2505"]
[PlyCount "24"]
[EventDate "2017.??.??"]

1. Nf3 Nf6 2. c4 b6 3. g3 c5 4. Bg2 Bb7 5. Nc3 e6 6. O-O Be7 7. d4 cxd4 8. Qxd4
d6 9. b3 O-O 10. Rd1 Nbd7 11. Bb2 a6 12. Ng5 Bxg2 1/2-1/2

[Event "SR Extraliga 2017/2018"]
[Site "?"]
[Date "2017.10.01"]
[Round "2.5"]
[White "Maslik, Miroslav"]
[Black "Pacher, Milan"]
[Result "0-1"]
[WhiteElo "2357"]
[BlackElo "2443"]
[PlyCount "50"]
[EventDate "2017.??.??"]

1. c4 Nf6 2. Nc3 e6 3. e4 d5 4. cxd5 exd5 5. e5 Ne4 6. Nf3 Bf5 7. Be2 d4 8.
Qa4+ Nc6 9. Nxe4 Bxe4 10. O-O Be7 11. d3 Bg6 12. b4 O-O 13. b5 Nb4 14. Bb2 Nxd3
15. Bxd3 Bxd3 16. Rfd1 Be2 17. Nxd4 Bxd1 18. Rxd1 Qc8 19. Re1 a6 20. Qc4 axb5
21. Nxb5 Qe6 22. Qe4 Rxa2 23. Bd4 Qc4 24. Nc3 Rd2 25. Nd5 Bd8 0-1

[Event "SR Extraliga 2017/2018"]
[Site "?"]
[Date "2017.10.01"]
[Round "2.6"]
[White "Zetocha, Claudiu"]
[Black "Skara, Vladimir"]
[Result "0-1"]
[WhiteElo "2348"]
[BlackElo "2230"]
[PlyCount "68"]
[EventDate "2017.??.??"]

1. e4 e6 2. d4 d5 3. exd5 exd5 4. Nf3 Bd6 5. c4 c6 6. Nc3 Nf6 7. Bd3 dxc4 8.
Bxc4 O-O 9. O-O Bg4 10. h3 Bh5 11. Bg5 Nbd7 12. Ne4 Be7 13. Ng3 Bg6 14. Re1 Nb6
15. Bb3 Nfd5 16. Bxe7 Nxe7 17. h4 h6 18. Ne5 Nd7 19. Nxg6 Nxg6 20. h5 Ne7 21.
Qf3 Nf6 22. Re5 Qd7 23. Rae1 Rae8 24. Bc2 Kh8 25. a3 b6 26. Qe2 Ned5 27. Nf5
Nf4 28. Qf3 Ne6 29. Qg3 Rg8 30. Qh4 Nd5 31. Bb3 Nef4 32. Qg3 Rxe5 33. Rxe5 f6
34. Bxd5 fxe5 0-1

[Event "SR Extraliga 2017/2018"]
[Site "?"]
[Date "2017.10.01"]
[Round "2.7"]
[White "Banas, Kamil"]
[Black "Petran, Peter"]
[Result "1-0"]
[WhiteElo "2247"]
[BlackElo "2318"]
[PlyCount "77"]
[EventDate "2017.??.??"]

1. e4 g6 2. d4 Bg7 3. Nc3 c6 4. f4 d5 5. e5 Nh6 6. Nf3 O-O 7. Be3 Bg4 8. Be2 f6
9. Qd2 Nd7 10. O-O-O Nf5 11. Kb1 Bxf3 12. Bxf3 fxe5 13. dxe5 Nxe3 14. Qxe3 e6
15. h4 Qe7 16. Bg4 Rae8 17. Ne2 c5 18. Qh3 h5 19. Bf3 Qf7 20. Rhf1 Kh8 21. g4
Re7 22. gxh5 gxh5 23. Rd3 Bh6 24. Rg1 Qf5 25. Qh1 Rg7 26. Rg5 Bxg5 27. hxg5
Nxe5 28. Bxh5 Kg8 29. Rh3 Ng6 30. Ng3 Qf7 31. f5 exf5 32. Bxg6 Qxg6 33. Rh8+
Kf7 34. Qxd5+ Ke7 35. Rh6 Rd8 36. Qe5+ Kf7 37. b3 Qxg5 38. Qe6+ Kf8 39. Rf6+
1-0

[Event "SR Extraliga 2017/2018"]
[Site "?"]
[Date "2017.10.01"]
[Round "2.8"]
[White "Briestensky, Rastislav"]
[Black "Federic, Jozef"]
[Result "1-0"]
[WhiteElo "2292"]
[BlackElo "2271"]
[PlyCount "81"]
[EventDate "2017.??.??"]

1. e4 c5 2. Nf3 e6 3. Nc3 a6 4. g3 Nc6 5. Bg2 Nf6 6. O-O Qc7 7. d3 Be7 8. Bd2
O-O 9. Ng5 d6 10. f4 Bd7 11. g4 Nd4 12. Kh1 Rac8 13. Be3 b5 14. Rf2 b4 15. Nb1
Ba4 16. b3 Bd7 17. h3 h6 18. Nf3 Nxf3 19. Bxf3 Nh7 20. Nd2 Bf6 21. Rb1 Bd4 22.
Bxd4 cxd4 23. Nc4 e5 24. f5 Bb5 25. Qd2 Bxc4 26. bxc4 a5 27. h4 f6 28. Rg2 Ra8
29. Rbg1 Qe7 30. Rh2 Rfb8 31. Qf2 Kf8 32. Qd2 Kg8 33. g5 fxg5 34. Bh5 Qf6 35.
Bg6 gxh4 36. Bxh7+ Kxh7 37. Rg6 Qd8 38. Rhg2 Ra7 39. f6 Kh8 40. fxg7+ Kg8 41.
Qxh6 1-0

[Event "SR Extraliga 2017/2018"]
[Site "?"]
[Date "2017.10.01"]
[Round "2.1"]
[White "Mazur, Stefan"]
[Black "Antoniewski, Rafal"]
[Result "1/2-1/2"]
[WhiteElo "2472"]
[BlackElo "2538"]
[PlyCount "73"]
[EventDate "2017.??.??"]

1. e4 e5 2. Nf3 Nc6 3. Bb5 a6 4. Ba4 Nf6 5. O-O Be7 6. Re1 b5 7. Bb3 O-O 8. c3
d5 9. exd5 Nxd5 10. Nxe5 Nxe5 11. Rxe5 c6 12. d3 Bd6 13. Re1 Bf5 14. Qf3 Qf6
15. Nd2 Qg6 16. Bd1 Bxd3 17. Ne4 Bxe4 18. Qxe4 f5 19. Qe6+ Qxe6 20. Rxe6 Rae8
21. Rxe8 Rxe8 22. Kf1 Nf6 23. Bd2 Ne4 24. Be1 Kf8 25. Bc2 g6 26. Rd1 Bc7 27. g3
Re6 28. Bb3 Rd6 29. Rxd6 Bxd6 30. Ke2 h5 31. Bc2 Nf6 32. h4 Ke7 33. Bd2 c5 34.
Kf3 Ng4 35. Ke2 Nf6 36. Bg5 Ke6 37. Bxf6 1/2-1/2

[Event "SR Extraliga 2017/2018"]
[Site "?"]
[Date "2017.10.01"]
[Round "2.2"]
[White "Tazbir, Marcin"]
[Black "Neuman, Petr"]
[Result "1/2-1/2"]
[WhiteElo "2519"]
[BlackElo "2440"]
[PlyCount "33"]
[EventDate "2017.??.??"]

1. e4 c6 2. d4 d5 3. exd5 cxd5 4. Bd3 Nc6 5. c3 Qc7 6. Ne2 Bg4 7. O-O e6 8. Qe1
Bxe2 9. Qxe2 Bd6 10. h3 Nge7 11. a4 Ng6 12. Na3 a6 13. g3 Bxg3 14. fxg3 Qxg3+
15. Kh1 Qxh3+ 16. Kg1 Qg3+ 17. Kh1 1/2-1/2

[Event "SR Extraliga 2017/2018"]
[Site "?"]
[Date "2017.10.01"]
[Round "2.3"]
[White "Hausner, Ivan"]
[Black "Jurcik, Martin"]
[Result "1/2-1/2"]
[WhiteElo "2321"]
[BlackElo "2319"]
[PlyCount "54"]
[EventDate "2017.??.??"]

1. g3 d5 2. Bg2 Nf6 3. d3 e5 4. Nd2 Nc6 5. e4 dxe4 6. dxe4 Bc5 7. Ngf3 O-O 8.
O-O Re8 9. Qe2 Nd4 10. Nxd4 Bxd4 11. c3 Bc5 12. Nc4 Bg4 13. Qc2 Qc8 14. Be3
Bxe3 15. Nxe3 Bh5 16. f3 Qe6 17. Qb3 Qb6 18. Qxb6 axb6 19. Rfd1 Bg6 20. Kf2 Kf8
21. Ke2 Red8 22. Rxd8+ Rxd8 23. Nc4 Nd7 24. Rd1 f6 25. Bh3 Ke8 26. Ne3 Bf7 27.
Nd5 c6 1/2-1/2

[Event "SR Extraliga 2017/2018"]
[Site "?"]
[Date "2017.10.01"]
[Round "2.4"]
[White "Likavsky, Tomas"]
[Black "Plachetka, Jan"]
[Result "1-0"]
[WhiteElo "2430"]
[BlackElo "2337"]
[PlyCount "65"]
[EventDate "2017.??.??"]

1. c4 c5 2. Nf3 Nc6 3. d4 cxd4 4. Nxd4 e6 5. Nc3 Nf6 6. a3 Bc5 7. Nb3 Be7 8. e4
O-O 9. Be2 b6 10. O-O Bb7 11. Be3 d6 12. f4 Nb8 13. Bf3 Nbd7 14. Nd2 Rc8 15.
Qe2 a6 16. Rad1 Qc7 17. g4 h6 18. h4 g5 19. fxg5 hxg5 20. Bxg5 Ne5 21. Qg2 Kh8
22. Be2 Nfxg4 23. Bxg4 Rg8 24. Be2 f6 25. Rxf6 Bxf6 26. Bxf6+ Kh7 27. Bg5 Nf7
28. Nf3 Rg6 29. Kf1 Rf8 30. Ke1 Nxg5 31. Nxg5+ Kh8 32. Qg4 Qe7 33. Qh5+ 1-0

[Event "SR Extraliga 2017/2018"]
[Site "?"]
[Date "2017.10.01"]
[Round "2.5"]
[White "Caletka, Radomir"]
[Black "Kantorik, Marian"]
[Result "0-1"]
[WhiteElo "2337"]
[BlackElo "2293"]
[PlyCount "110"]
[EventDate "2017.??.??"]

1. e4 c6 2. d4 d5 3. Nd2 dxe4 4. Nxe4 Bf5 5. Ng3 Bg6 6. Nf3 e6 7. h4 h6 8. Ne5
Bh7 9. Bd3 Bxd3 10. Qxd3 Nd7 11. f4 Ngf6 12. Bd2 Be7 13. O-O-O O-O 14. Kb1 c5
15. Ne2 cxd4 16. Qf3 h5 17. Nd3 Qb6 18. Bc1 Ng4 19. f5 e5 20. Ng3 Ndf6 21. Rde1
Qc6 22. Bg5 Rac8 23. Re2 Rfe8 24. Qxc6 bxc6 25. Nxe5 Nxe5 26. Rxe5 Bd6 27.
Rxe8+ Rxe8 28. Bxf6 Bxg3 29. Bxd4 a6 30. c3 Re2 31. f6 g6 32. Rh3 Rxg2 33. Be3
Be5 34. Rf3 Rg4 35. Bf2 Rf4 36. Rxf4 Bxf4 37. Kc2 Be5 38. b4 Bxf6 39. a4 Kf8
40. c4 Ke8 41. Kd3 Kd7 42. Ke4 Bd8 43. Kf4 f6 44. Ke4 Ke6 45. b5 cxb5 46. cxb5
axb5 47. axb5 Kd6 48. Kf3 Kd5 49. Be3 Be7 50. Bf2 Bc5 51. Be1 Bd4 52. Bg3 Kc5
53. Bc7 Kxb5 54. Bd8 Kc6 55. Ke4 Bc3 0-1

[Event "SR Extraliga 2017/2018"]
[Site "?"]
[Date "2017.10.01"]
[Round "2.6"]
[White "Hanko, Pavol"]
[Black "Hrabusa, Matej"]
[Result "0-1"]
[WhiteElo "2087"]
[BlackElo "2359"]
[PlyCount "62"]
[EventDate "2017.??.??"]

1. d4 Nf6 2. Nf3 d5 3. c4 e6 4. Bg5 Bb4+ 5. Nbd2 dxc4 6. Qc2 b5 7. a4 c6 8. e4
h6 9. Bxf6 Qxf6 10. Be2 Bb7 11. O-O O-O 12. e5 Qg6 13. Qxg6 fxg6 14. Ne4 a6 15.
Rab1 Nd7 16. b3 cxb3 17. Rxb3 c5 18. dxc5 Bxc5 19. Nfd2 Bd5 20. Rc3 Bb4 21. Rc7
Nxe5 22. axb5 axb5 23. Bxb5 Rfb8 24. f4 Ng4 25. Bd3 Ne3 26. Rb1 Nxg2 27. Kxg2
Bxd2 28. Rxb8+ Rxb8 29. Kg3 Rb3 30. Nc5 Rc3 31. Kf2 Bxf4 0-1

[Event "SR Extraliga 2017/2018"]
[Site "?"]
[Date "2017.10.01"]
[Round "2.7"]
[White "Hros, Roman"]
[Black "Lisko, Frantisek"]
[Result "1-0"]
[WhiteElo "2181"]
[BlackElo "2251"]
[PlyCount "63"]
[EventDate "2017.??.??"]

1. Nf3 Nf6 2. c4 e6 3. g3 d5 4. Bg2 dxc4 5. Qa4+ Nbd7 6. O-O c5 7. Qxc4 a6 8.
Qc2 Be7 9. b3 O-O 10. Bb2 Nd5 11. Nc3 Nb4 12. Qb1 Nf6 13. Rd1 Nc6 14. e3 e5 15.
h3 Kh8 16. Kh2 h6 17. Kg1 Be6 18. d4 cxd4 19. exd4 exd4 20. Ne2 Qc8 21. Nf4 Bf5
22. Qc1 g5 23. g4 gxf4 24. Qxf4 Bh7 25. Nxd4 Kg7 26. Nxc6 bxc6 27. Rd6 Bf5 28.
Rxc6 Qd7 29. gxf5 Qd8 30. Re1 Kh7 31. Rxe7 Qxe7 32. Rxf6 1-0

[Event "SR Extraliga 2017/2018"]
[Site "?"]
[Date "2017.10.01"]
[Round "2.1"]
[White "Krejci, Jan"]
[Black "Motuz, Karol"]
[Result "1-0"]
[WhiteElo "2551"]
[BlackElo "2423"]
[PlyCount "89"]
[EventDate "2017.??.??"]

1. c4 c6 2. Nf3 d5 3. e3 Nf6 4. d4 e6 5. Nbd2 Nbd7 6. Bd3 Be7 7. O-O b6 8. b3
Bb7 9. Bb2 O-O 10. Qe2 c5 11. Rad1 a5 12. e4 dxe4 13. Nxe4 Qc7 14. Neg5 cxd4
15. Nxd4 Nc5 16. Bb1 Qf4 17. Ndf3 h6 18. Be5 Qg4 19. Rd4 Qh5 20. Rh4 Qxh4 21.
Nxh4 hxg5 22. Nf3 g4 23. Ng5 Rfd8 24. Bc7 Rd7 25. Bxb6 Ra6 26. Bxc5 Bxc5 27.
Be4 Bc8 28. g3 Rad6 29. Bg2 Rd8 30. Ne4 Nxe4 31. Qxe4 Rd2 32. Qe5 Bb4 33. a3
Bxa3 34. Qxa5 Bf8 35. b4 e5 36. b5 R8d4 37. b6 Rb2 38. Qxe5 Rdd2 39. Qc7 Ba6
40. b7 Bd6 41. Qc8+ Kh7 42. b8=Q Rxb8 43. Qxa6 Rbb2 44. Qa7 Kg6 45. Bd5 1-0

[Event "SR Extraliga 2017/2018"]
[Site "?"]
[Date "2017.10.01"]
[Round "2.2"]
[White "Roubalik, Jakub"]
[Black "Druska, Juraj"]
[Result "1-0"]
[WhiteElo "2394"]
[BlackElo "2448"]
[PlyCount "79"]
[EventDate "2017.??.??"]

1. d4 d6 2. c4 e5 3. d5 Be7 4. Nc3 Bg5 5. Nf3 Bxc1 6. Rxc1 f5 7. e4 fxe4 8.
Nxe4 Nf6 9. Bd3 O-O 10. Qc2 Bf5 11. O-O a5 12. Neg5 Bxd3 13. Qxd3 Qd7 14. Nd2
Na6 15. Ne6 Rfe8 16. Ne4 Nxe4 17. Qxe4 b6 18. Ng5 g6 19. Rc3 Re7 20. Rf3 Rae8
21. Qh4 Nc5 22. Rf6 e4 23. Re1 Qa4 24. Qh6 Nd3 25. Ne6 Rxe6 26. dxe6 Nxe1 27.
e7 Nf3+ 28. gxf3 Qd1+ 29. Kg2 exf3+ 30. Rxf3 Qxf3+ 31. Kxf3 Rxe7 32. Qg5 Kf7
33. Qd5+ Kf8 34. Kg4 Re5 35. Qa8+ Kf7 36. f4 Rh5 37. h4 Rc5 38. Qh8 h5+ 39. Kf3
Rc6 40. f5 1-0

[Event "SR Extraliga 2017/2018"]
[Site "?"]
[Date "2017.10.01"]
[Round "2.3"]
[White "Manik, Mikulas"]
[Black "Zpevak, Pavel"]
[Result "1/2-1/2"]
[WhiteElo "2419"]
[BlackElo "2342"]
[PlyCount "33"]
[EventDate "2017.??.??"]

1. e4 c5 2. Nf3 e6 3. c4 Nc6 4. Nc3 a6 5. d4 cxd4 6. Nxd4 Qc7 7. Be3 Nf6 8.
Nxc6 dxc6 9. g3 e5 10. f3 Nd7 11. Qd2 Bc5 12. Bh3 O-O 13. Bxd7 Bxe3 14. Qxe3
Bxd7 15. c5 Be6 16. O-O Rad8 17. Rfd1 1/2-1/2

[Event "SR Extraliga 2017/2018"]
[Site "?"]
[Date "2017.10.01"]
[Round "2.4"]
[White "Vojtek, Vladimir"]
[Black "Holtman, Teodor"]
[Result "0-1"]
[WhiteElo "2295"]
[BlackElo "2248"]
[PlyCount "56"]
[EventDate "2017.??.??"]

1. e4 c5 2. f4 Nc6 3. Nf3 e6 4. Bb5 Nge7 5. O-O a6 6. Be2 d5 7. d3 g6 8. c3 Bg7
9. Be3 d4 10. Bf2 O-O 11. c4 e5 12. fxe5 Nxe5 13. Nxe5 Bxe5 14. Nd2 Qc7 15. Nf3
Bf4 16. g3 Bh6 17. Nh4 Bh3 18. Re1 Qd7 19. Bf1 Bg4 20. Be2 Bh3 21. a3 Nc6 22.
Nf3 a5 23. Kh1 Be6 24. Nh4 Ne5 25. Ng2 f5 26. exf5 Bxf5 27. Nf4 Bxf4 28. gxf4
Qc6+ 0-1

[Event "SR Extraliga 2017/2018"]
[Site "?"]
[Date "2017.10.01"]
[Round "2.6"]
[White "Veres, Andrej"]
[Black "Kusiak, Matej"]
[Result "0-1"]
[WhiteElo "2232"]
[BlackElo "2301"]
[PlyCount "118"]
[EventDate "2017.??.??"]

1. d4 g6 2. Nf3 Bg7 3. c4 d6 4. Nc3 e5 5. dxe5 dxe5 6. Qxd8+ Kxd8 7. Bg5+ f6 8.
O-O-O+ Ke8 9. Bd2 Be6 10. e4 c6 11. Be2 Nd7 12. Ne1 Bh6 13. g3 Bxd2+ 14. Rxd2
Nh6 15. f4 Ke7 16. Nc2 Rad8 17. Rhd1 Ng4 18. Nd5+ cxd5 19. cxd5 Nf2 20. dxe6
Nc5 21. Rxd8 Rxd8 22. Rxd8 Kxd8 23. Bc4 exf4 24. gxf4 Nfd3+ 25. Kd2 Nxf4 26.
Bd5 Ncxe6 27. Bxb7 Kc7 28. Ba6 Kd6 29. Bf1 g5 30. b4 h5 31. Na3 Nd4 32. Ke3 Nc6
33. Nc2 Ne5 34. h3 Ne6 35. Na3 Nc7 36. Nc2 Ne6 37. Na3 Nc7 38. Nc2 Nc6 39. a4
Ne6 40. Be2 Nf4 41. Bf1 h4 42. a5 Ne6 43. a6 Ne5 44. Na3 Nc7 45. Be2 Kc6 46.
Kd4 g4 47. hxg4 h3 48. Bf1 h2 49. Bg2 Nb5+ 50. Nxb5 Kxb5 51. g5 Nc6+ 52. Kd5
Nxb4+ 53. Kd6 fxg5 54. e5 Nxa6 55. Ke6 Nc7+ 56. Kf5 a5 57. Ke4 Kc4 58. Kf3 a4
59. Bf1+ Kc3 0-1

[Event "SR Extraliga 2017/2018"]
[Site "?"]
[Date "2017.10.01"]
[Round "2.7"]
[White "Zambor, Norbert"]
[Black "Bombek, Peter"]
[Result "1/2-1/2"]
[WhiteElo "2261"]
[BlackElo "2207"]
[PlyCount "112"]
[EventDate "2017.??.??"]

1. e4 e6 2. d4 d5 3. Nc3 Bb4 4. e5 c5 5. Bd2 Ne7 6. Nb5 Bxd2+ 7. Qxd2 O-O 8. f4
Nbc6 9. Nf3 Qb6 10. dxc5 Qxc5 11. Nbd4 Bd7 12. c3 Nxd4 13. Qxd4 Qa5 14. Bd3 f6
15. O-O fxe5 16. Nxe5 Qc7 17. Rae1 Nc6 18. Qc5 Rac8 19. Nxd7 Qxd7 20. Qe3 Rce8
21. Bb5 a6 22. Ba4 b5 23. Bb3 g6 24. Qc5 Kg7 25. g3 Qa7 26. Qxa7+ Nxa7 27. Rf2
Nc6 28. Rfe2 Kf7 29. g4 Nd8 30. Kg2 Rg8 31. Kf3 Ref8 32. Bxd5 Re8 33. Bb3 Rgf8
34. Kg3 Kf6 35. Rd1 Rf7 36. Red2 Nb7 37. Re1 Nc5 38. Rd6 Rd7 39. Rc6 Rd3+ 40.
Kf2 Rd2+ 41. Re2 Nd3+ 42. Ke3 Rxe2+ 43. Kxe2 Nxf4+ 44. Ke3 Ke5 45. Bc2 Rd8 46.
Rxa6 Ng2+ 47. Ke2 Nf4+ 48. Ke3 Ng2+ 49. Ke2 Nf4+ 50. Kf3 Rd2 51. Bb3 Rd3+ 52.
Kf2 Rd2+ 53. Kf3 Rd3+ 54. Kf2 Rd2+ 55. Kf3 Rd3+ 56. Kf2 Rd2+ 1/2-1/2

[Event "SR Extraliga 2017/2018"]
[Site "?"]
[Date "2017.11.11"]
[Round "3.1"]
[White "Cvek, Robert"]
[Black "Vetoshko, Volodymyr"]
[Result "1-0"]
[WhiteElo "2504"]
[BlackElo "2541"]
[PlyCount "125"]
[EventDate "2017.??.??"]

1. Nf3 Nf6 2. c4 e6 3. Nc3 Bb4 4. Qc2 c5 5. a3 Ba5 6. e3 O-O 7. Be2 Nc6 8. O-O
d6 9. d4 Qe7 10. Rd1 Bxc3 11. Qxc3 e5 12. d5 Nb8 13. Nd2 Nbd7 14. e4 Re8 15. b4
b6 16. Bf1 Nf8 17. g3 Qc7 18. Bg2 Bg4 19. f3 Bd7 20. Bb2 Ng6 21. Nf1 h5 22. h4
Rec8 23. Rdc1 b5 24. cxb5 Qb6 25. bxc5 Rxc5 26. Qe3 Rxb5 27. Qxb6 Rxb6 28. Bc3
Ne8 29. Nd2 Kf8 30. Bb4 Ke7 31. Nc4 Rbb8 32. Na5 Rc8 33. Bf1 Nf8 34. Ba6 Rc7
35. Rab1 Rxc1+ 36. Rxc1 Rb8 37. Bb7 g6 38. Bd2 Bb5 39. Be3 a6 40. Ba7 Rd8 41.
Kf2 f5 42. Bb6 Rb8 43. Ke3 Kf6 44. Rc8 Rxc8 45. Bxc8 fxe4 46. Bd8+ Kf7 47. fxe4
Nd7 48. Nb7 Kf8 49. Kd2 Ndf6 50. Bxf6 Nxf6 51. Nxd6 Ke7 52. Nxb5 axb5 53. Kd3
Ne8 54. g4 Nd6 55. Be6 hxg4 56. Bxg4 Nc4 57. Be2 Nxa3 58. Kc3 Nb1+ 59. Kc2 Na3+
60. Kb2 b4 61. Bd3 Kd6 62. Kb3 Kc5 63. d6 1-0

[Event "SR Extraliga 2017/2018"]
[Site "?"]
[Date "2017.11.11"]
[Round "3.2"]
[White "Nayhebaver, Martin"]
[Black "Pechac, Jergus"]
[Result "1-0"]
[WhiteElo "2447"]
[BlackElo "2443"]
[PlyCount "81"]
[EventDate "2017.??.??"]

1. e4 d5 2. exd5 Qxd5 3. Nc3 Qa5 4. d4 Nf6 5. Bc4 Bf5 6. Bd2 Qb6 7. Nf3 c6 8.
Bb3 e6 9. Qe2 Nbd7 10. O-O-O Bb4 11. h3 h6 12. g4 Bg6 13. Ne5 Nxe5 14. dxe5
Bxc3 15. Bxc3 Nd5 16. Bd2 a5 17. a4 Qc5 18. f4 O-O-O 19. Rhf1 Rd7 20. Qf2 Qxf2
21. Rxf2 b6 22. f5 Bh7 23. c4 Nc7 24. c5 Rd3 25. Bc2 Rxh3 26. cxb6 Nd5 27. Bxa5
Ne3 28. Rg1 Kb7 29. fxe6 Nxc2 30. Rxf7+ Kc8 31. e7 Re8 32. Rd1 Rd3 33. Rxd3
Bxd3 34. Rf8 Bg6 35. Rxe8+ Bxe8 36. Kxc2 c5 37. b3 Kb7 38. Kd3 g6 39. Ke4 h5
40. gxh5 gxh5 41. Kf5 1-0